Estadísticas para Reconoce estos países dibujados de memoria y en Paint #1

Haz click aquí para intentar la prueba.

Estadísticas generales

  • Esta prueba ha sido intentada 28 veces
  • La puntuación promedio es 5 de 13

Estadísticas de respuestas

Respuesta% Correcto
Austria
82%
Italia
79%
India
68%
Sudafrica
68%
Francia
57%
Vietnam
50%
Reino unido/UKA
39%
Haiti
29%
Argentina
25%
Belgica
18%
Portugal
18%
Suiza
11%
China
0%

Distribución de puntuación

Porcentaje por número respondido

Porcentaje de gente con cada puntuación

Historial de tus puntuaciones

No has intentado esta prueba.